000
00305nam a22001217a 4500
999
_c
4910
_d
4910
008
250422b ||||| |||| 00| 0 eng d
020
_a
9780603569081
082
_a
823.914 HEA
100
_a
HEAGREAVES,ROGER
_e
AUTHOR
245
_a
LITTLE MISS NAUGHTY
260
_a
GREAT BRITAIN
_b
EGMONT
_c
2013
942
_2
ddc